000 00435nam a2200133Ia 4500
008 100328s9999 xx 000 0 und d
082 _b12005
100 _aताबे मनोहर भास्कर
245 _aवडिलांच्या सेवेसी
260 _b---
630 _aवडिलांच्या सेवेसी
730 _aवडिलांच्या सेवेसी
942 _cBOOK
999 _c507301
_d507298